000 02152cam a22004814i 4500
003 PE-LiUPU
005 20250731173054.0
008 180309s2017 ne 0 r0 001 0 eng d
020 _a9789004335059
035 _a(Sirsi) a241501
040 _aPE-LiUPU
_bspa
_cPE-LiUPU
_erda
049 _aPRUA
082 0 4 _a200.9
_bL8
_223
245 0 0 _aLocating religions :
_bcontact, diversity and translocality /
_cedited by Reinhold F. Glei, Nikolas Jaspert.
264 1 _aLeiden :
_bBrill,
_c2017.
300 _aVI, 373 páginas ;
_c24 centímetros.
336 _atext
_2rdacontent
337 _aunmediated
_2rdamedia
338 _avolume
_2rdacarrier
490 0 _aDynamics in the history of religions ;
_v9
504 _aIndice : páginas 367-373.
505 0 _aGeography, history and prophecy: mechanisms of integration in the islamic alexander legend -- The portuguese descovery of buddhism: locating religious in early modern asia -- From geographical migration to transmigratión to transmigration of souls: Negotiating religious difference between space among Jews in early modern safed -- Traslocating religion in the mediterranean space: monastic confrontation under muslim domion --The mirro and the palimpsest: the myth of buddhist kingship in imperial tibet -- Prester John, the ten tribes, and the raja rum: representing the distant ally in theree pre-modern societies.
526 _aSEG42
526 _aSEG41
526 _aSEG40
526 _aSEG39
526 _aP94
526 _aP87
526 _aP86
526 _aP85
526 _aP77
526 _aP76
526 _aP35
650 0 4 _aReligión y geografía.
700 1 _aGlei, Reinhold,
_eeditor.
700 1 _aJaspert, Nikolas,
_eeditor.
910 _adbm
_bksl
_cksl
_d20180309
942 _2ddc
_cBOOK
994 _aC0
_bPEPRU
596 _a1
999 _a200.9 L8
_wLC
_c27127
_i78472
_f2021-11-9
_g4
_lCCODEBUL1
_mBUL
_p87.42
_r0
_sY
_tBOOK
_u2018-3-9
_xTEOLOGIA
_PP35
_0COMPRA
_1FCOMPRA
_o.PUBLIC. Documento de alto precio
_o.STAFF. Colección Teología
_d27127
980 _81
_gALBERTO SANCHEZ Responsable de Automatización